| 000 | 00422nam a2200181Ia 4500 | ||
|---|---|---|---|
| 008 | 170918s9999 xx 000 0 und d | ||
| 020 | _a9780007420124 | ||
| 050 | _bT999ar 2011 | ||
| 100 | _aTzu, Sun | ||
| 245 | 4 | _aThe art of war / | |
| 245 | _cby Sun Tzu. | ||
| 260 | _aGreat Britain : | ||
| 260 | _bCollins Classics, | ||
| 260 | _c2011 | ||
| 300 | _a96 pages : | ||
| 300 | _billustrations ; | ||
| 300 | _c17cm. | ||
| 999 |
_c343406 _d343406 |
||